Name the extra letter! Quiz Stats

 Plays Quiz not verified by Sporcle

Challenge
Share
Tweet
Embed
Score 0/26 Timer 01:00
0 Plays Today
Word + 1 Letter Extra Letter % Correct
Padtriots???
93.9%
Exxit???
93.9%
Luxemmbourg???
93.3%
Czechoslovaqkia???
93.3%
Followwing???
92.7%
Ohman???
92.7%
Businnessman???
92.7%
Libarary???
92.1%
Sciecnce???
92.1%
Stagging???
92.1%
Dipplomacy???
92.1%
Morrocco???
92.1%
Miscellanyeous???
92.1%
Word + 1 Letter Extra Letter % Correct
Quifff???
91.5%
Musvic???
91.5%
Hosipital???
90.2%
Objecktion???
90.2%
Exstensive???
90.2%
Nuews???
90.2%
Quallify???
89.6%
Inttellectual???
89%
New Zeajland???
88.4%
Mordoor???
88.4%
Maldieves???
87.8%
Kyrzgyzstan???
87.2%
Yttrbium???
86.6%

You're not logged in!

Compare scores with friends on all Sporcle quizzes.
Join for Free
OR
Log In

You Might Also Like...

Show Comments

Extras

Created Apr 22, 2011ReportNominate
Tags:Letter Quiz, actual, extra

Top Quizzes Today


Score Distribution

Your Account Isn't Verified!

In order to create a playlist on Sporcle, you need to verify the email address you used during registration. Go to your Sporcle Settings to finish the process.

Report this User

Report this user for behavior that violates our Community Guidelines.

Details: